| 000 | 00538nmm a2200169Ia 4500 | ||
|---|---|---|---|
| 008 | 251105s9999||||xx |||||||||||||||||und|| | ||
| 020 | _a9786071604293 | ||
| 041 | _aspa | ||
| 100 | _aAmador, Carlos | ||
| 245 | 0 |
_aEl mundo finito : _b Desarrollo sustentable en el siglo de oro de la humanidad |
|
| 264 |
_a[México D.C., Mexico] : _bFondo de Cultura Económica, _c2014 |
||
| 300 | _a206 páginas | ||
| 490 | _aBreviarios | ||
| 650 | _aEnvironmental Sciences | ||
| 856 | _uhttps://public.digitaliapublishing.com/a/43591 | ||
| 942 | _cCF | ||
| 999 |
_c75399 _d75399 |
||